000 01126nam a22002657a 4500
001 6633
003 FISKH
005 20250516122719.0
008 250516b cb ||||| |||| 00| 0 eng d
020 _a9781740898188
040 _aFISKH
_beng
_cFISKH
_dFISKH
050 _aPZ7
082 _a599.78
100 _aRyan, Denise
245 _aBig bears /
_cDenise Ryan
260 _aSydney :
_bWeldon Owen Publishing,
_c2008.
300 _a32 pages :
_bcolor illustrations ;
_c23 cm
505 _aJ
520 _aIn Big Bears, readers are likely introduced to various bear species, exploring their habitats, behaviors, and physical characteristics. The book aims to educate children about the natural world, fostering curiosity and a love for reading through accessible language and compelling visuals. This title serves as an educational resource, ideal for parents and educators seeking to enrich children's understanding of wildlife while enhancing their reading skills.
521 8 _a430
_bLexile estimate
521 8 _aJ
_bRaz-Plus
650 _aBears
_vAnimals
942 _2ddc
_cBK
_n0
999 _c6633
_d6633